00948nam a2200265 a 450000100100000000500170001000800410002702000150006804000250008308200170010810000450012524500720017024600560024226000400029830000310033849000160036950000360038565000290042165000310045070000360048183000240051704900090054195201150055099900170066500002344120200930022224.0101207s1990 ck a r 000 | spa d a9580409781 aDO-SdBNPbspacBNPHU aA863.2bE18m10aEcheverría, Esteban,d1805-185192474513aEl matadero /cEsteban Echeverría ; edición Iván Hernández.12iA propósito de Esteban Echeverría y el matadero aBarcelona ;aMiami :bNorma,c1990. a32, 69 p. :bil. ;c19 cm.1 aCara y Cruz aIncluye nota al pie de página 4aCuentos argentinos93752 4aLiteratura argentina938601 aHernández, Iváneed.948303 0aCara y Cruz;948304 aBNGR 001050718MOaGRbGRcCTd2010-12-07iLF1l0oA863.2 E18mp23441-10r2020-06-25w2020-06-25y1ZNo se presta c22937d22937